ბათუმის შოთა რუსთაველის სახელმწიფო უნივერსიტეტის ბიბლიოთეკა

ფინანსური ანგარიშგება წიგნი F7 : (ბიბ.ჩანაწერი № 54795)

000 -ლიდერი
ფიქსირებული სიგრძის საკონტროლო ველი 01563nam a2200289Ia 4500
001 - საკონტროლო ნომერი
საკონტროლო ველი 21864
003 - საკონტროლო ნომრის იდენტიფიკატორი
საკონტროლო ველი GE_BSU
005 - ბოლო ოპერაციის თარიღი და დრო
საკონტროლო ველი 20220614173741.0
008 - ფიქსირებული სიგრძის მონაცემთა ელემენტები - ზოგადი ინფორმაცია
ფიქსირებული სიგრძის საკონტროლო ველი 181216s ||||ge |||||||||||||| ||geo||
020 ## - წიგნის საერთაშორისო სტანდარტული ნომერი
International Standard Book Number 9781847105219
040 ## - კატალოგიზაციის წყარო
Transcribing agency GE_BSU
080 ## - უნივერსალური ათობითი კლასიფიკაციის ინდექსი
Universal Decimal Classification number 657.15 ფ-59
245 ## - ცნობა სათაურის შესახებ
Title ფინანსური ანგარიშგება წიგნი F7 :
Remainder of title სრული ტექსტი /
Statement of responsibility, etc წიგნის თარგმანზე და გამოცემაზე მუშაობდნენ : მთარგმნელი ბ. ალავერდაშვილი ; ექპერტი და რედ. ე. თევზაძე.
264 ## - წარმოების, გამოცემის, დისტრიბუციის და სხვა ცნობები
გამოცემის, წარმოების, დისტრიბუციის... ადგილი თბილისი :
გამოცემის, წარმოების, დისტრიბუციის... სახელწოდება დანი,
გამოცემის, წარმოების, დისტრიბუციის... თარიღი 2010.
300 ## - ფიზიკური აღწერა
Extent 580 გვ. ;
Dimensions 29 სმ.
490 ## - სერიის ცნობა
Series statement ACCA ინგლისისა და უელსის ნაფიც სერტიფიცირებულ ბუღალტერთა ასოციაცია
520 ## - SUMMARY, ETC.
Summary, etc პარალელელური სათაური ინგლისურ ენაზე
653 ## - INDEX TERM--UNCONTROLLED
Uncontrolled term ეკონომიკა
653 ## - INDEX TERM--UNCONTROLLED
Uncontrolled term ბუღალტერია
653 ## - INDEX TERM--UNCONTROLLED
Uncontrolled term ფინანსური ანგარიშგება
653 ## - INDEX TERM--UNCONTROLLED
Uncontrolled term წიგნი F7
653 ## - INDEX TERM--UNCONTROLLED
Uncontrolled term სრული ტექსტი
700 ## - ADDED ENTRY--PERSONAL NAME
Personal name ალავერდაშვილი, ბ.
Relator term მთარგმნელი
9 (RLIN) 14086
700 ## - ADDED ENTRY--PERSONAL NAME
Personal name თევზაძე, ე.
Relator term რედაქტორი
9 (RLIN) 14087
942 ## - ADDED ENTRY ELEMENTS (KOHA)
Koha item type წიგნი
Source of classification or shelving scheme
ეგზემპლარები
ჩამოწერის სტატუსი დაკარგული ეგზემპლარის სტატუსი კლასიფიკაციის წყარო ან თაროზე გაწყობის სქემა დაზიანების სტატუსი არ გაიცემა მუდმივი მდებარეობა (დაცვის ადგილი) ამჟამინდელი ადგილსამყოფელი თაროზე განთავსების ადგილი შეძენის თარიღი ღირებულება, შესყიდვის ნორმალური ფასი სრული შენახვის შიფრი შტრიხკოდი ბოლო ოპერაციის თარიღი ეგზემპლარის მიმდევრობითი ნომერი (კეტერი?) ფასის ძალაში შესვლის თარიღი ეგზემპლარის სახეობა საჯარო შენიშვნა
          ბათუმის შოთა რუსთაველის სახელმწიფო უნივერსიტეტის მთავარი ბიბლიოთეკა ბათუმის შოთა რუსთაველის სახელმწიფო უნივერსიტეტის მთავარი ბიბლიოთეკა წიგნსაცავი 2018-12-17 29.50 657.15 ფ-59 56482 2018-12-17 56482 2018-12-17 წიგნი 29.50 ₾.
          ბათუმის შოთა რუსთაველის სახელმწიფო უნივერსიტეტის მთავარი ბიბლიოთეკა ბათუმის შოთა რუსთაველის სახელმწიფო უნივერსიტეტის მთავარი ბიბლიოთეკა წიგნსაცავი 2018-12-17 29.50 657.15 ფ-59 56483 2018-12-17 56483 2018-12-17 წიგნი 29.50 ₾.
          ბათუმის შოთა რუსთაველის სახელმწიფო უნივერსიტეტის მთავარი ბიბლიოთეკა ბათუმის შოთა რუსთაველის სახელმწიფო უნივერსიტეტის მთავარი ბიბლიოთეკა წიგნსაცავი 2018-12-17 29.50 657.15 ფ-59 56484 2018-12-17 56484 2018-12-17 წიგნი 29.50 ₾.
          ბათუმის შოთა რუსთაველის სახელმწიფო უნივერსიტეტის მთავარი ბიბლიოთეკა ბათუმის შოთა რუსთაველის სახელმწიფო უნივერსიტეტის მთავარი ბიბლიოთეკა წიგნსაცავი 2018-12-17 29.50 657.15 ფ-59 56485 2018-12-17 56485 2018-12-17 წიგნი 29.50 ₾.
          ბათუმის შოთა რუსთაველის სახელმწიფო უნივერსიტეტის მთავარი ბიბლიოთეკა ბათუმის შოთა რუსთაველის სახელმწიფო უნივერსიტეტის მთავარი ბიბლიოთეკა წიგნსაცავი 2018-12-17 29.50 657.15 ფ-59 56486 2018-12-17 56486 2018-12-17 წიგნი 29.50 ₾.